000 01288 a2200433 4500
001 OJ-temporalites-3607
003 FrMaCLE
005 20251214085657.0
007 cu ||||||m||||
008 170919e||||||||xx |||||s|||||||||0|fr|d
024 7 _a10.4000/temporalites.3607
_2doi
040 _aFR-FrMaCLE
100 1 _aDevetter, François-Xavier
245 1 0 _aTemporalités et sports.
260 _c2017
540 _aCC-BY-NC-ND-4.0
_uhttps://creativecommons.org/licenses/by-nc-nd/4.0/
650 4 _atemporalités
650 4 _acompétences temporelles
650 4 _atemps sociaux
650 4 _aconciliation travail/famille
650 4 _aaccélération
650 4 _aconflit d’activité
650 4 _acontraintes temporelles
650 4 _aactivités physiques et sportives
650 4 _asport de haut niveau
650 4 _asocial times
650 4 _acareer
650 4 _asports federation
650 4 _asocialization
650 4 _asports
650 4 _aactivity conflict
650 4 _aphysical activity and sports
650 4 _asocialisation
650 4 _aphysical activity
650 4 _aacceleration
650 4 _asense of time
700 1 _aSoldani, Jérôme
856 4 _uhttps://journals.openedition.org/temporalites/3607
_yTemporalités et sports
999 _c32493
_d32493